[Event "Montreal Pere Noel op"]
[Site "Montreal"]
[Date "2024.12.29"]
[Round "4"]
[White "Wang, Derek"]
[Black "Lesiege, Alexandre"]
[Result "0-1"]
[WhiteElo "2090"]
[BlackElo "2510"]
[PlyCount "94"]
[EventDate "2024.12.27"]
[EventType "swiss"]
[EventRounds "5"]
[EventCountry "CAN"]
[SourceTitle "CB04_2025"]
[SourceDate "2025.01.22"]
[SourceVersion "1"]
[SourceVersionDate "2025.01.22"]
[SourceQuality "1"]

1. Nf3 d5 2. d4 Nf6 3. c4 e6 4. cxd5 exd5 5. Nc3 c6 6. Bg5 h6 7. Bh4 Bf5 8. e3 Nbd7 9. Bd3 Bxd3 10. Qxd3 Be7 11. 0-0 0-0 12. Nd2 Re8 13. f3 Nf8 14. Rae1 Ng6 15. Bf2 Bd6 16. Kh1 a6 17. Qf5 Qb6 18. Qc2 Qc7 19. Bg1 c5 20. dxc5 Qxc5 21. e4 Qc7 22. Qb3 Bf4 23. Rd1 Bxd2 24. Rxd2 dxe4 25. fxe4 Nxe4 26. Nxe4 Rxe4 27. Bb6 Qe7 28. Rdf2 Rb4 29. Qe3 Qxe3 30. Bxe3 Re4 31. Bd2 Rd8 32. Bc3 f6 33. g3 h5 34. Kg2 Kf7 35. Rf5 Ne7 36. Rxh5 Nd5 37. Rf2 Kg6 38. Rh3 Nxc3 39. bxc3 Rc8 40. Rc2 b5 41. Rh4 Rxh4 42. gxh4 Rc4 43. Kg3 b4 44. Kg2 bxc3 45. a4 a5 46. h3 Kh5 47. Kg3 Rc5 0-1

[Event "Laval op"]
[Site "Laval"]
[Date "2024.06.21"]
[Round "1"]
[White "Wang, Derek"]
[Black "Yang, Jing Yao"]
[Result "1-0"]
[WhiteElo "2081"]
[BlackElo "1738"]
[PlyCount "41"]
[EventDate "2024.06.21"]
[EventType "swiss"]
[EventRounds "5"]
[EventCountry "CAN"]
[SourceTitle "CBM 221 Extra"]
[Source "ChessBase"]
[SourceDate "2024.09.30"]
[SourceVersion "1"]
[SourceVersionDate "2024.09.30"]
[SourceQuality "1"]

1. d4 Nf6 2. Nf3 g6 3. Bf4 d5 4. c3 Bg7 5. h3 Nbd7 6. Nbd2 0-0 7. e3 c5 8. Bd3 Re8 9. Ne5 Nxe5 10. Bxe5 Nd7 11. Bxg7 Kxg7 12. Qf3 cxd4 13. cxd4 Qa5 14. a3 e5 15. b4 Qc7 16. Qxd5 Qc3 17. Ke2 exd4 18. Rhc1 Qb2 19. Rab1 Qxa3 20. Qxd4+ Kg8 21. Ra1 1-0

[Event "Montreal Pere Noel op"]
[Site "Montreal"]
[Date "2023.12.27"]
[Round "1"]
[White "Wang, Derek"]
[Black "Giroux, Robert"]
[Result "1-0"]
[WhiteElo "1959"]
[BlackElo "1776"]
[PlyCount "53"]
[EventDate "2023.12.27"]
[EventType "swiss"]
[EventRounds "5"]
[EventCountry "CAN"]
[SourceTitle "CBM 218 Extra"]
[Source "ChessBase"]
[SourceDate "2024.03.31"]
[SourceVersion "1"]
[SourceVersionDate "2024.03.31"]
[SourceQuality "1"]

1. d4 Nf6 2. Bf4 d5 3. Nc3 e6 4. Nb5 Na6 5. e3 c6 6. Nc3 Nc7 7. Nf3 Be7 8. Bd3 0-0 9. Ne5 c5 10. dxc5 Bxc5 11. Qf3 Nce8 12. Qh3 Qb6 13. 0-0-0 Be7 14. g4 g6 15. Bh6 Ng7 16. f4 Rd8 17. Rhg1 d4 18. exd4 Rxd4 19. f5 Nd5 20. fxg6 hxg6 21. Qf3 f6 22. Nxd5 Rxd5 23. Nxg6 Bd8 24. Qh3 Qc7 25. Bf4 e5 26. Qh8+ Kf7 27. Qf8+ 1-0